000 00413nam a22001457a 4500
005 20260226151125.0
008 260226b |||||||| |||| 00| 0 eng d
041 _aeng
100 _aSHUKLA ,K.S
_98862
245 _aARYABHATIYA OF ARYABHATA -WITH THE COMENTARY OF BHASKARA I AND SOMESVARA
260 _aNEW DELHI
_bINDIAN NATIONAL SCIENCE ACADEMY
_c2016
300 _a219;P
650 _aBGP
_98859
942 _cBK
999 _c9035
_d9033